[Event "Chigorin Memorial 30th"]
[Site "St Petersburg"]
[Date "2023.10.29"]
[Round "9"]
[White "Artamonova, Ulyana"]
[Black "Dudkin, Mikhail Dm"]
[Result "1/2-1/2"]
[WhiteElo "1305"]
[BlackElo "1680"]
[PlyCount "65"]
[EventDate "2023.10.21"]
[EventType "swiss"]
[EventRounds "9"]
[EventCountry "RUS"]
[SourceTitle "Mega2024 Update 01"]
[Source "Chessbase"]
[SourceDate "2023.11.12"]
[SourceVersion "1"]
[SourceVersionDate "2023.11.12"]
[SourceQuality "1"]

1. e4 d5 2. exd5 Nf6 3. Nc3 Nxd5 4. Nxd5 Qxd5 5. Nf3 Bg4 6. Be2 Nc6 7. 0-0 0-0-0 8. d3 Kb8 9. Be3 Bc8 10. Qd2 e5 11. Qc3 Nd4 12. Bxd4 exd4 13. Qb3 Qd6 14. Qxf7 Be7 15. Qxg7 Rdg8 16. Qe5 Bh3 17. g3 Bxf1 18. Qxd6 Bxd6 19. Bxf1 c5 20. Nh4 Re8 21. Nf3 Kc7 22. Ng5 Re7 23. Ne4 h5 24. h4 b6 25. b3 b5 26. a4 b4 27. Rb1 Rh6 28. Rd1 Rh8 29. Rb1 Rh6 30. Rd1 Rh8 31. Rb1 Rh6 32. Rd1 Rh8 33. Rb1 1/2-1/2

[Event "Chigorin Memorial 30th"]
[Site "St Petersburg"]
[Date "2023.10.28"]
[Round "8"]
[White "Dudkin, Mikhail Dm"]
[Black "Komyagin, Aleksandr"]
[Result "0-1"]
[WhiteElo "1680"]
[BlackElo "1414"]
[PlyCount "116"]
[EventDate "2023.10.21"]
[EventType "swiss"]
[EventRounds "9"]
[EventCountry "RUS"]
[SourceTitle "Mega2024 Update 01"]
[Source "Chessbase"]
[SourceDate "2023.11.12"]
[SourceVersion "1"]
[SourceVersionDate "2023.11.12"]
[SourceQuality "1"]

1. d4 Nf6 2. c4 e6 3. Nc3 Bb4 4. a3 Bxc3+ 5. bxc3 c5 6. f3 d6 7. e4 Nc6 8. Be3 b6 9. Bd3 0-0 10. Ne2 Ba6 11. 0-0 e5 12. f4 exf4 13. Bxf4 Nh5 14. Be3 h6 15. g4 Nf6 16. Ng3 Bc8 17. h3 Nh7 18. Kg2 Re8 19. Qf3 Qc7 20. Rf2 Nf8 21. Nh5 Ne6 22. Bxh6 cxd4 23. cxd4 Ncxd4 24. Qe3 Qc5 25. Raf1 Nc6 26. Qd2 Ne5 27. Bxg7 Nxg7 28. Nf6+ Kf8 29. Qh6 Be6 30. Be2 Rec8 31. Qh8+ Ke7 32. Qxg7 Kd8 33. Nd5 Qd4 34. Qf8+ Kd7 35. Qe7+ Kc6 36. Nb4+ Kc5 37. Qb7 a5 38. Rb1 Bd7 39. Bf1 Ra7 40. Qxa7 Qxe4+ 41. Kg1 Qxb1 42. Nc2 Qb3 43. Bg2 Qg3 44. Ne1 Bc6 45. Qe7 Bxg2 46. Nxg2 Nf3+ 47. Kf1 Ne5 48. Nf4 Qe3 49. Qb7 Rc6 50. Nd5 Qxh3+ 51. Rg2 Qf3+ 52. Rf2 Qd1+ 53. Kg2 Qxg4+ 54. Kf1 Qxc4+ 55. Kg1 Qg4+ 56. Kf1 Qc4+ 57. Kg1 Qg4+ 58. Kf1 Kxd5 0-1

[Event "St Petersburg Korchnoi Memorial op"]
[Site "St Petersburg"]
[Date "2023.08.21"]
[Round "6"]
[White "Garmash, Elizaveta"]
[Black "Dudkin, Mikhail Dm"]
[Result "0-1"]
[WhiteElo "1352"]
[BlackElo "1648"]
[PlyCount "41"]
[EventDate "2023.08.18"]
[EventType "swiss"]
[EventRounds "9"]
[EventCountry "RUS"]
[SourceTitle "EXT 2024"]
[Source "ChessBase"]
[SourceDate "2023.10.10"]
[SourceVersion "1"]
[SourceVersionDate "2023.10.10"]
[SourceQuality "1"]

1. d4 d5 2. c4 e6 3. Nf3 Nf6 4. Bg5 Be7 5. Nc3 a6 6. Bh4 0-0 7. cxd5 Nxd5 8. Bxe7 Qxe7 9. e4 Nxc3 10. bxc3 c5 11. Be2 cxd4 12. cxd4 Qb4+ 13. Qd2 Qxd2+ 14. Kxd2 b6 15. Rhd1 Bb7 16. Ke3 Nd7 17. Rac1 Rac8 18. Nd2 Nf6 19. f3 Rfd8 20. Rc4 Rxc4 21. Nxc4 0-1